Biblioteca

What does the Lord require of us… : (Registro nro. 68163)

Detalles MARC
000 -LÍDER
Campo fijo de descripción fija 01518nab a2200217 i 4500
001 - NÚMERO DE CONTROL
Campo de control 768714001
003 - IDENTIFICADOR DEL NÚMERO DE CONTROL
Campo de control CO-MdFUSB
005 - FECHA Y HORA DE LA ULTIMA TRANSACCIÓN
control field 20240313131102.0
008 - ELEMENTOS DE LONGITUD FIJA -- INFORMACIÓN GENERAL
Campo fijo de descripción fija -- Información general 220916s2015 -us||||| |||| 00| 0 eng d
022 ## - NÚMERO INTERNACIONAL NORMALIZADO PARA PUBLICACIONES SERIADAS
Número Internacional Normalizado para Publicaciones Seriadas 16698649
040 ## - FUENTE DE CATALOGACIÓN
Idioma de catalogación eng
Agencia que realiza la transcripción CO-MdFUSB
Agencia que realiza la modificación CO-MdFUSB
041 ## - CÓDIGO DE IDIOMA
Código de idioma para texto/pista de sonido o título separado eng
100 ## - ASIENTO PRINCIPAL--NOMBRE PERSONAL
Nombre personal Balmaceda, Nina,
Término relacionador autor
245 1# - TÍTULO
Título What does the Lord require of us… :
Subtitulo when migrant children are crossing the border?
Mención de responsabilidad / Nina Balmaceda
300 ## - DESCRIPCIÓN FÍSICA
Extensión Volumen 10, número 1 (2015), páginas: 85-98
Dimensiones ; 23 cm
520 ## - NOTA DE RESUMEN, ETC.
Nota de sumario, etc. En el verano de 2014, miles de niños inmigrantes aparecieron en la frontera Texas-México intentando cruzar a los Estados Unidos. Provenían principalmente de países centroamericanos como El Salvador, Honduras y Guatemala, y abandonaban sus hogares<br/>en busca de una vida mejor en los Estados Unidos. Lo inusual y desgarrador fue el hecho de que la mayoría de ellos no estaban acompañados por sus padres u otros adultos. Argumentos políticos abundaron y caldearon los ánimos, pero pocas luces aportaron sobre las razones de la inmigración y todavía menos sobre qué era lo que se debía hacer. La profesora Nina Balmaceda analiza la situación y provee una excelente precepción de esta problemática.
650 #7 - ASIENTO SECUNDARIO DE MATERIA - TERMINO TEMÁTICO
9 (RLIN) 2117
Término temático o nombre geográfico como elemento de entrada Emigración e inmigración
650 #7 - ASIENTO SECUNDARIO DE MATERIA - TERMINO TEMÁTICO
9 (RLIN) 2657
Término temático o nombre geográfico como elemento de entrada Niños abandonados
773 0# - ASIENTO DE ITEM FUENTE
Biblionumber 49416
Itemnumber 81284
Lugar, editorial y fecha de publicación Santiago de Chile
Otro identificador del ítem R1732
Título Journal of Latin American Theology :
Número de control del registro (CO-MdFUSB)118
Número Internacional Normalizado para Publicaciones Seriadas (ISSN) 1669-8949
Parte(s) relacionada(s) / Volumen., número. (mes año), páginas Volumen 10, número 1 (2015), páginas: 85-98
Enumeración y primera página páginas 85
942 ## - TIPO DE MATERIAL (KOHA)
Tipo de Item KOHA Artículos de Revista

No hay ítems disponibles.

Biblioteca FUSBC | Teléfono: (57+4) 349 88 10 Ext. 141| WhatsApp (+57) 3005338115 
E-mail: biblioteca@unisbc.edu.co | Calle 76 87-14 Robledo Palenque, Medellín, Colombia

Con tecnología Koha